Score 0/23 Timer 03:00
0 Plays Today
Clue 4-Letter Rung % Correct
Nirvana Song: Smells _____ [Last Rung] SpiritLIKE
96.3%
Seeing a musician in personLIVE
92.7%
Go off the deep end, literallyDIVE
91.9%
First name of Nirvana member CobainKURT
91.9%
First name of Nirvana members Grohl and FosterDAVE
90.9%
Actors Reynolds or Lancaster, or songwriter BacharachBURT
85.7%
Nintendo game series: Mario _____KART
85.5%
Movie detective Charlie or martial artist JackieCHAN
85.4%
Nirvana Song: Smells [First Rung] _____ SpiritTEEN
85.4%
Baseball maneuverBUNT
79.8%
CrookedBENT
78.6%
Comparison word, not to be confused with the rung belowTHAN
71.3%
Clue 4-Letter Rung % Correct
In the past, not to be confused with the rung aboveTHEN
71.1%
First name of Nirvana member CroverDALE
63.8%
Leafy greenKALE
59.3%
Conductor's concernBEAT
55.3%
First name of Nirvana member ChanningCHAD
53.4%
Smile from ear to earBEAM
52.4%
Clothes lineSEAM
37.4%
HoaxSHAM
34.4%
Fish of the herring familySHAD
33.2%
Wife of Shiva, in HinduismKALI
29.9%
Natural satellite of SaturnKARI
29.5%

Today's Daily Dose

Remove Ads.
Support Sporcle.
Get the best of Sporcle when you Go Orange. This ad-free experience offers more features, more stats, and more fun while also helping to support Sporcle. Thank you for becoming a member.

You're not logged in!

Compare scores with friends on all Sporcle quizzes.
OR
Log In

Show Comments

Extras

Top Quizzes Today


Score Distribution

Your Account Isn't Verified!

In order to create a playlist on Sporcle, you need to verify the email address you used during registration. Go to your Sporcle Settings to finish the process.

Report this User

Report this user for behavior that violates our Community Guidelines.

Details: